| 000 | 00831cam a2200277 4500 | ||
|---|---|---|---|
| 008 | 090401t1998 xxu||||| |||| 00| 0 eng d | ||
| 020 | _a1860812406 | ||
| 035 | _a(Sirsi) u89107 | ||
| 041 | _aeng | ||
| 050 | _a624.172 | ||
| 110 | _aBuilding Research Establishment | ||
| 245 | _aEurocode 1 : the code for structural loading : basis of design, dead, imposed, fire, snow and wind loads. | ||
| 260 |
_aLondon _bConstruction Research Communications Ltd _c1998 |
||
| 300 | _a12p. ; 30cm. | ||
| 350 | _a0 | ||
| 490 |
_aBRE Information Paper _vIP 13/98 Part 1 |
||
| 650 | _aEUROCODE 1 | ||
| 650 | _aLOADS | ||
| 650 | _aSTRUCTURAL DESIGN | ||
| 650 | _aSTRUCTURAL LOADS | ||
| 690 | _aBUILT ENVIRONMENT-CONSTRUCTION DESIGN | ||
| 700 | _aMenzies, J.B. | ||
| 700 | _aGulvanessian, H. | ||
| 942 | _n0 | ||
| 948 | _c20/10/1998 | ||
| 999 |
_c97425 _d97425 |
||